[Event "Titled Tuesday intern op 07th Feb Early"]
[Site "Chess.com INT"]
[Date "2023.02.07"]
[Round "2"]
[White "Bowden, Karl"]
[Black "Maximov, Dmitry"]
[Result "0-1"]
[WhiteElo "2348"]
[BlackElo "2497"]
[PlyCount "130"]
[EventDate "2023.02.07"]
[EventType "swiss (blitz)"]
[EventRounds "11"]
[EventCountry "USA"]
[SourceTitle "EXT 2024"]
[Source "ChessBase"]
[SourceDate "2023.10.10"]
[SourceVersion "1"]
[SourceVersionDate "2023.10.10"]
[SourceQuality "1"]

1. e4 c5 2. c3 Nf6 3. e5 Nd5 4. d4 cxd4 5. cxd4 d6 6. Nf3 e6 7. a3 Be7 8. Bd3 0-0 9. Qe2 Nc6 10. Qe4 f5 11. exf6 Nxf6 12. Qe2 d5 13. 0-0 Bd7 14. Nc3 Bd6 15. Bg5 a6 16. Rad1 Qc7 17. Bb1 Rae8 18. Qd3 g6 19. h3 Nh5 20. Rfe1 Rf7 21. Qe3 Ref8 22. Bh6 Rxf3 23. gxf3 Bf4 24. Bxf4 Nxf4 25. Ne2 Nxh3+ 26. Kg2 Nf4+ 27. Nxf4 Rxf4 28. Rh1 Qd6 29. Rh6 Rf7 30. Rdh1 Qe7 31. Bxg6 Rg7 32. Rxh7 Rxg6+ 33. Kf1 Qxh7 34. Rxh7 Kxh7 35. Qf4 Be8 36. Qc7+ Rg7 37. Qh2+ Kg8 38. Qh3 Nxd4 39. Qh6 Bb5+ 40. Ke1 Nxf3+ 41. Kd1 Ng5 42. Qf6 Be8 43. Kc2 Bg6+ 44. Kb3 Bf5 45. Qd8+ Kh7 46. Qf6 Ne4 47. Qh4+ Kg6 48. f3 Nd2+ 49. Kc3 Nxf3 50. Qg3+ Ng5 51. Qe5 Rh7 52. Kb4 b6 53. a4 Rh4+ 54. Ka3 Nf7 55. Qg3+ Rg4 56. Qe3 b5 57. axb5 axb5 58. Qb6 b4+ 59. Ka4 Bc2+ 60. Kb5 b3 61. Qf2 Nd6+ 62. Kc6 Nf5 63. Kd7 Kf6 64. Qd2 d4 65. Qb4 Rg7+ 0-1